000 00728nam a2200229 i 4500
003 DO-SdBNP
005 20250610143957.0
007 ta
008 250610b2011 dr a|||| |||| 00| 0 spa d
040 _aDO-SdBNP
_bspa
_cBNPHU
_erda
082 _axxx
_bC761
_222
245 0 0 _aContenidos básicos matemática I /
264 _a[Santo Domingo] :
_bUniversidad Nacional Tecnológica (UNNATEC),
_c2011.
300 _a110 Páginas ;
_bilustraciones
_c27 cm
336 _atexto
_btxt
_2rdacontent
337 _asin mediación
_bn
_2rdamedia
338 _avolumen
_bnc
_2rdacarrier
500 _aLa biblioteca posee el cuaderno de trabajo del estudiante.
590 _aInventariado, 2025/ YL
910 _aYLockward
942 _2ddc
_cLBS1
999 _c59207
_d59207